Sports Quiz

Random Sports or WWE Quiz

WWE - The Authority Quiz Stats

 Plays Quiz not verified by Sporcle

Score 0/14 Timer 05:00
0 Plays Today
Role Authority Member % Correct
Chief Operating Officer (COO)Triple H
97.9%
Director of OperationsKane
92.2%
SuperstarSeth Rollins
91.3%
Chief Brand OfficerStephanie McMahon
90.4%
SuperstarThe Big Show
76.7%
Security GuardJamie Noble
76.5%
SuperstarRandy Orton
74.9%
Role Authority Member % Correct
Security GuardJoey Mercury
74.6%
SuperstarDean Ambrose
56.2%
SuperstarRoman Reigns
55.7%
Old School SuperstarRoad Dogg
55.3%
Old School SuperstarBilly Gunn
54%
SuperstarBatista
45.8%
RefereeScott Armstrong
40.8%

You're not logged in!

Compare scores with friends on all Sporcle quizzes.
OR
Log In

Sporcle TV

Today on Sporcle TV


Watch our educational content, quiz creation guides, and fun videos on Sporcle TV.

Show Comments

Extras

Top Quizzes Today


Score Distribution

Your Account Isn't Verified!

In order to create a playlist on Sporcle, you need to verify the email address you used during registration. Go to your Sporcle Settings to finish the process.

Report this User

Report this user for behavior that violates our Community Guidelines.

Details: